|
|
|
|
| LEADER |
01048nam a2200301 4500 |
| 001 |
DLU090091594 |
| 005 |
##20091201 |
| 040 |
# |
# |
|a DLU
|b eng
|
| 041 |
# |
# |
|a eng
|
| 044 |
# |
# |
|a us
|
| 100 |
# |
# |
|a Ferminan, Encarnacion.
|
| 245 |
# |
# |
|a Heterologous protein secretion directed by a repressible acid phosphatase system of kluyveromyces lactis : Characterization of upstream region-activating sequences in the KIPHO5 gene /
|c Encarnacion Ferminan, Angel Dominguez.
|
| 653 |
# |
# |
|a Acid phosphatase
|
| 653 |
# |
# |
|a Kluyveromyces marxianus
|
| 653 |
# |
# |
|a Leader sequence
|
| 653 |
# |
# |
|a Recombinant protein
|
| 653 |
# |
# |
|a Regulatory sequence
|
| 700 |
# |
# |
|a Dominguez, Angel.
|
| 773 |
# |
# |
|t Applied and Environmental Microbiology
|g Vol. 64, no. 7 (July 1998), p. 2403-2408
|
| 920 |
# |
# |
|a Phòng Tạp chí -- Trung tâm Thông tin - Thư viện Trường Đại học Đà Lạt
|
| 994 |
# |
# |
|a DLU
|
| 900 |
# |
# |
|a True
|
| 911 |
# |
# |
|a Trương Bảo Trâm Anh
|
| 925 |
# |
# |
|a G
|
| 926 |
# |
# |
|a A
|
| 927 |
# |
# |
|a BB
|
| 980 |
# |
# |
|a Thư viện Trường Đại học Đà Lạt
|